Pays du Monde par Ordre Alphabétique (version facile avec capitales) - Statistiques

Statistiques générales
  • Ce quiz a été pris 181 fois
    147 depuis la dernière actualisation
  • Le résultat moyen est 78 sur 196
Statistiques - réponses
Premières lettres des Capitales Pays % Correct
Ber Allemagne
83%
Pre Afrique du Sud
80%
Ti Albanie
80%
Al Algérie
73%
Ka Afghanistan
71%
An Andorre
61%
E Arménie
61%
Bru Belgique
61%
Hel Finlande
59%
Reyk Islande
59%
Bue Argentine
58%
Vi Autriche
58%
Ott Canada
56%
Bey Liban
56%
Lu Angola
55%
Saint Antigua et Barbuda
55%
Can Australie
55%
La H Cuba
55%
Dji Djibouti
55%
Le C Egypte
55%
Iran
55%
Thi Bhoutan
53%
Chine
53%
Bo Colombie
53%
Qui Equateur
53%
Bel Belize
52%
Corée du Sud
52%
Tbi Géorgie
52%
Ja Indonésie
52%
Ba Irak
52%
La V Malte
52%
Py Corée du Nord
50%
Wa Etats-Unis
50%
Pa France
50%
Gua Guatemala
50%
Du Irlande
50%
Israël
50%
Pri Kosovo
50%
Ha Zimbabwe
50%
Nay Birmanie
48%
San Chili
48%
Za Croatie
48%
New Inde
48%
King Jamaïque
48%
To Japon
48%
Ri Lettonie
48%
Pod Monténégro
48%
Lis Portugal
48%
Bri Barbade
47%
Mi Biélorussie
47%
So Bulgarie
47%
Ma Espagne
47%
Lu Zambie
47%
Na Bahamas
45%
Ya Cameroun
45%
Ta Estonie
45%
Ad Ethiopie
45%
Bu Hongrie
45%
Am Jordanie
45%
Tri Libye
45%
Sko Macédoine du Nord
45%
Lj Slovénie
45%
Ba Azerbaïdjan
44%
As Erythrée
44%
Te Honduras
44%
Ko Koweït
44%
Vi Lituanie
44%
We Nouvelle-Zélande
44%
Var Pologne
44%
Bang Thaïlande
44%
Ri Arabie Saoudite
42%
Da Bangladesh
42%
Bra Brésil
42%
Ou Burkina Faso
42%
Co Guinée
42%
Geo Guyana
42%
As Kazakhstan
42%
Bi Kirghizistan
42%
Ca Venezuela
42%
Ma Bahreïn
41%
Ph Cambodge
41%
Su Fidji
41%
Bi Guinée-Bissau
41%
Ma Guinée équatoriale
41%
Ro Italie
41%
Am Pays-Bas
41%
Mos Russie
41%
Khar Soudan
41%
Dj Soudan du Sud
41%
Sri Sri Lanka
41%
Tai Taïwan
41%
Sa Yémen
41%
Ya Côte d Ivoire
39%
Co Danemark
39%
M Eswatini
39%
Port Haïti
39%
Mon Liberia
39%
Kat Népal
39%
Os Norvège
39%
Lon Royaume-Uni
39%
Bra Slovaquie
39%
Sto Suède
39%
Va Vatican
39%
Ha Viêt Nam
39%
Su Bolivie
38%
Sa Bosnie-Herzégovine
38%
Ni Chypre
38%
Na Kenya
38%
Lu Luxembourg
38%
Ku Malaisie
38%
Chi Moldavie
38%
San Costa Rica
36%
Ro Dominique
36%
Ban Gambie
36%
Vi Laos
36%
Va Liechtenstein
36%
Nou Mauritanie
36%
Mas Oman
36%
Li Pérou
36%
N'D Tchad
36%
Ach Turkménistan
36%
Ban Brunei
35%
Saint Grenade
35%
Ta Kiribati
35%
Win Namibie
35%
Is Pakistan
35%
Pra République Tchèque
35%
Po Bénin
33%
Pra Cap-Vert
33%
Li Gabon
33%
A Ghana
33%
Ya Nauru
33%
Kam Ouganda
33%
Mont Uruguay
33%
Ga Botswana
32%
A Emirats Arabes Unis
32%
Ma Maldives
32%
Me Mexique
32%
Pa Panama
32%
Saint Saint-Marin
32%
San Salvador
32%
Fre Sierra Leone
32%
Sin Singapour
32%
An Turquie
32%
Ki Ukraine
32%
Mo Comores
30%
Bra Congo
30%
A Grèce
30%
An Madagascar
30%
Ba Mali
30%
Mo Monaco
30%
Ou Mongolie
30%
Ba Saint-Christophe-et-Niévès
30%
King Saint-Vincent-et-les-Grenadines
30%
Port Vanuatu
30%
Ra Maroc
29%
Cas Sainte-Lucie
29%
Do Tanzanie
29%
Nu Tonga
29%
Fa Tuvalu
29%
Ma Lesotho
27%
Li Malawi
27%
Ni Niger
27%
A Nigeria
27%
Port Papouasie-Nouvelle-Guinée
27%
A Paraguay
27%
Bu Roumanie
27%
Ki Rwanda
27%
São Tomé et Príncipe
27%
Lo Togo
27%
Bu Burundi
26%
Me Palaos
26%
Do Qatar
26%
Kin République Démocratique du Congo
26%
Bel Serbie
26%
Be Suisse
26%
Pa Suriname
26%
Dou Tadjikistan
26%
Tu Tunisie
26%
Ma Nicaragua
24%
Ta Ouzbékistan
24%
Ma Philippines
24%
Vic Seychelles
24%
Mo Somalie
24%
Da Syrie
24%
Saint République Dominicaine
23%
Ho Salomon
23%
Da Sénégal
23%
Ma Mozambique
21%
Ban République Centrafricaine
21%
A Samoa
21%
Di Timor-Oriental
21%
Port Île Maurice
20%
Pa Micronésie
18%
Port Trinité-et-Tobago
18%
Ma Marshall
12%
Aucun quiz correspondant
Distribution des résultats
% des personnes avec chaque résultat
Percentile par nombre de réponses
Votre historique - résultats
Vous n’avez pas pris ce quiz depuis la dernière actualisation